000 00357nam a22001457a 4500
003 OSt
005 20160804104529.0
008 160804b xxu||||| |||| 00| 0 eng d
020 _a0060921145
040 _cN/A
100 _aBarrara Kingsolver
245 _aAnimal Dreams
_bAnovel
260 _aNewYork
_bHarper Collins publishers
_c1990
942 _2lcc
_cBK
999 _c254931
_d254930